00250nam a22000857a 4500008004100000082001700041100002000058245007800078300000800156230703b xxu||||| |||| 00| 0 eng d a352.263bOYU cWalter O. Oyugi aDecentralized development Planning and management in kenyabAn Assessment a57p